[Event "High League 2022 women"]
[Site "Obninsk"]
[Date "2022.06.30"]
[Round "5.6"]
[White "Yakimova, Mariya"]
[Black "Garifullina, Leya"]
[Result "1/2-1/2"]
[LiveChessVersion "1.4.7"]
[BlackElo "2398"]
[WhiteElo "2201"]

1. d4 {[%clk 1:30:56]} Nf6 {[%clk 1:30:44]} 2. c4 {[%clk 1:31:22]} e6
{[%clk 1:31:05]} 3. g3 {[%clk 1:31:44]} d5 {[%clk 1:31:21]} 4. Nf3
{[%clk 1:32:07]} Bb4+ {[%clk 1:31:28]} 5. Bd2 {[%clk 1:32:33]} a5
{[%clk 1:31:46]} 6. Bg2 {[%clk 1:32:51]} O-O {[%clk 1:32:06]} 7. Qc2
{[%clk 1:32:59]} c5 {[%clk 1:32:00]} 8. cxd5 {[%clk 1:32:54]} cxd4
{[%clk 1:32:09]} 9. Nxd4 {[%clk 1:33:07]} Qb6 {[%clk 1:32:26]} 10. e3
{[%clk 1:33:09]} exd5 {[%clk 1:32:49]} 11. O-O {[%clk 1:33:23]} Nc6
{[%clk 1:33:04]} 12. Nxc6 {[%clk 1:33:44]} bxc6 {[%clk 1:33:28]} 13. Rc1
{[%clk 1:29:48]} Rb8 {[%clk 1:33:42]} 14. Nc3 {[%clk 1:29:26]} h5
{[%clk 1:28:21]} 15. a3 {[%clk 1:27:54]} Be7 {[%clk 1:28:10]} 16. Na4
{[%clk 1:27:49]} Qc7 {[%clk 1:28:14]} 17. Qxc6 {[%clk 1:00:11]} Qxc6
{[%clk 1:27:20]} 18. Rxc6 {[%clk 1:00:36]} Bd7 {[%clk 1:27:44]} 19. Rc7
{[%clk 0:59:46]} Bd8 {[%clk 1:26:28]} 20. Rxd7 {[%clk 0:57:55]} Nxd7
{[%clk 1:26:52]} 21. Bxd5 {[%clk 0:57:57]} Nb6 {[%clk 1:27:11]} 22. Nxb6
{[%clk 0:58:05]} Rxb6 {[%clk 1:26:34]} 23. Bxa5 {[%clk 0:50:14]} Rxb2
{[%clk 1:26:45]} 24. Bxd8 {[%clk 0:49:51]} Rxd8 {[%clk 1:27:12]} 25. e4
{[%clk 0:37:34]} Rc8 {[%clk 1:17:22]} 26. a4 {[%clk 0:31:36]} Rcc2
{[%clk 1:16:42]} 27. Rf1 {[%clk 0:31:55]} Rc5 {[%clk 1:16:10]} 28. h4
{[%clk 0:29:15]} Rb4 {[%clk 1:15:46]} 29. Ra1 {[%clk 0:28:27]} Ra5
{[%clk 1:16:10]} 30. Rc1 {[%clk 0:25:08]} Ra7 {[%clk 1:13:33]} 31. a5
{[%clk 0:18:33]} Ra4 {[%clk 1:12:12]} 32. Rc8+ {[%clk 0:18:58]} Kh7
{[%clk 1:12:40]} 33. Rc5 {[%clk 0:19:04]} Kg8 {[%clk 1:12:05]} 34. Rc8+
{[%clk 0:16:18]} 1/2-1/2

[Event "High League 2022 women"]
[Site "Obninsk"]
[Date "2022.06.30"]
[Round "5.7"]
[White "Zhapova, Yana"]
[Black "Paramzina, Anastasya"]
[Result "1-0"]
[LiveChessVersion "1.4.7"]
[BlackElo "2256"]
[WhiteElo "2204"]

1. e4 {[%clk 1:30:56]} c5 {[%clk 1:28:09]} 2. Nf3 {[%clk 1:31:15]} d6
{[%clk 1:28:36]} 3. d4 {[%clk 1:31:28]} cxd4 {[%clk 1:29:03]} 4. Nxd4
{[%clk 1:31:39]} Nf6 {[%clk 1:29:28]} 5. Nc3 {[%clk 1:31:45]} a6 {[%clk 1:29:55]}
6. g3 {[%clk 1:31:59]} e5 {[%clk 1:30:06]} 7. Nde2 {[%clk 1:32:17]} Be7
{[%clk 1:30:31]} 8. Bg2 {[%clk 1:32:26]} b5 {[%clk 1:30:50]} 9. Nd5
{[%clk 1:32:13]} Nbd7 {[%clk 1:29:36]} 10. Nec3 {[%clk 1:32:20]} Bb7
{[%clk 1:18:30]} 11. a4 {[%clk 1:19:39]} Nxd5 {[%clk 0:58:29]} 12. Nxd5
{[%clk 1:19:00]} Bxd5 {[%clk 0:58:54]} 13. Qxd5 {[%clk 1:18:06]} b4
{[%clk 0:59:05]} 14. a5 {[%clk 1:15:02]} O-O {[%clk 0:58:10]} 15. O-O
{[%clk 1:13:12]} Rb8 {[%clk 0:51:42]} 16. Bd2 {[%clk 1:00:15]} Rb5
{[%clk 0:49:03]} 17. Qc4 {[%clk 1:00:01]} Qb8 {[%clk 0:45:41]} 18. Rfc1
{[%clk 0:54:57]} Rc8 {[%clk 0:44:15]} 19. Qe2 {[%clk 0:51:41]} Qb7
{[%clk 0:35:09]} 20. Qe1 {[%clk 0:37:39]} Nf6 {[%clk 0:22:26]} 21. Bf1
{[%clk 0:31:20]} Rbc5 {[%clk 0:22:50]} 22. Bd3 {[%clk 0:28:47]} d5
{[%clk 0:16:10]} 23. Bxb4 {[%clk 0:27:46]} R5c7 {[%clk 0:14:14]} 24. Bxe7
{[%clk 0:27:45]} Rxe7 {[%clk 0:14:42]} 25. exd5 {[%clk 0:26:48]} e4
{[%clk 0:14:32]} 26. d6 {[%clk 0:25:09]} Re6 {[%clk 0:14:41]} 27. Bf1
{[%clk 0:25:17]} Rxd6 {[%clk 0:14:57]} 28. b4 {[%clk 0:24:03]} h5
{[%clk 0:09:38]} 29. c4 {[%clk 0:20:58]} Re8 {[%clk 0:09:10]} 30. Ra3
{[%clk 0:19:55]} Ng4 {[%clk 0:09:02]} 31. Be2 {[%clk 0:15:34]} Ne5
{[%clk 0:08:40]} 32. b5 {[%clk 0:14:26]} Rh6 {[%clk 0:06:33]} 33. h4
{[%clk 0:13:54]} f5 {[%clk 0:04:29]} 34. Qd2 {[%clk 0:12:42]} Qc8
{[%clk 0:04:54]} 35. b6 {[%clk 0:11:07]} f4 {[%clk 0:04:18]} 36. Qxf4
{[%clk 0:09:54]} Rf6 {[%clk 0:04:39]} 37. Qxe4 {[%clk 0:06:38]} Nf3+
{[%clk 0:03:34]} 38. Bxf3 {[%clk 0:05:51]} Rxe4 {[%clk 0:04:01]} 39. Bxe4
{[%clk 0:06:13]} Qc5 {[%clk 0:04:12]} 40. Bd5+ {[%clk 0:35:38]} Kh7
{[%clk 0:33:59]} 41. Rf3 {[%clk 0:30:59]} Rd6 {[%clk 0:34:22]} 42. Rd1
{[%clk 0:30:39]} Kh6 {[%clk 0:32:13]} 43. b7 {[%clk 0:30:12]} Rd8
{[%clk 0:32:31]} 44. Rb1 {[%clk 0:29:43]} Rb8 {[%clk 0:32:12]} 45. Rb6+
{[%clk 0:29:40]} Kh7 {[%clk 0:32:08]} 46. Rxa6 {[%clk 0:28:30]} Qb4
{[%clk 0:30:37]} 47. Rf7 {[%clk 0:28:27]} Qb1+ {[%clk 0:25:13]} 48. Kg2
{[%clk 0:28:07]} Rh8 {[%clk 0:25:26]} 49. Rb6 {[%clk 0:28:05]} Qe1
{[%clk 0:24:28]} 50. b8=Q {[%clk 0:28:08]} Rxb8 {[%clk 0:24:54]} 51. Rxb8
{[%clk 0:28:31]} Qxa5 {[%clk 0:24:58]} 52. Be4+ {[%clk 0:28:54]} 1-0

[Event "High League 2022 women"]
[Site "Obninsk"]
[Date "2022.06.30"]
[Round "5.8"]
[White "Karmanova, Olga Dm."]
[Black "Grigorieva, Yulia"]
[Result "1/2-1/2"]
[LiveChessVersion "1.4.7"]
[BlackElo "2218"]
[WhiteElo "2157"]

1. d4 {[%clk 1:30:57]} Nf6 {[%clk 1:30:51]} 2. c4 {[%clk 1:31:23]} e6
{[%clk 1:31:11]} 3. g3 {[%clk 1:31:49]} Bb4+ {[%clk 1:31:30]} 4. Nd2
{[%clk 1:32:12]} c5 {[%clk 1:31:16]} 5. a3 {[%clk 1:32:16]} Bxd2+
{[%clk 1:31:29]} 6. Qxd2 {[%clk 1:32:40]} Nc6 {[%clk 1:31:18]} 7. Nf3
{[%clk 1:32:44]} cxd4 {[%clk 0:58:27]} 8. Nxd4 {[%clk 1:25:37]} d5
{[%clk 0:46:59]} 9. Bg2 {[%clk 1:23:55]} e5 {[%clk 0:45:14]} 10. Nxc6
{[%clk 1:18:28]} bxc6 {[%clk 0:45:42]} 11. O-O {[%clk 1:14:05]} O-O
{[%clk 0:44:31]} 12. Rd1 {[%clk 1:11:46]} Ba6 {[%clk 0:39:43]} 13. cxd5
{[%clk 1:10:34]} cxd5 {[%clk 0:40:08]} 14. Bxd5 {[%clk 1:01:27]} Nxd5
{[%clk 0:36:21]} 15. Qxd5 {[%clk 1:01:55]} Bxe2 {[%clk 0:35:30]} 16. Qxd8
{[%clk 1:02:20]} Rfxd8 {[%clk 0:34:16]} 17. Rxd8+ {[%clk 1:02:44]} Rxd8
{[%clk 0:34:43]} 18. Be3 {[%clk 1:03:07]} a6 {[%clk 0:32:29]} 19. Rc1
{[%clk 1:02:53]} e4 {[%clk 0:28:11]} 20. Bb6 {[%clk 1:01:45]} Rb8
{[%clk 0:26:07]} 21. a4 {[%clk 1:00:02]} h6 {[%clk 0:22:12]} 22. a5
{[%clk 1:00:28]} Kh7 {[%clk 0:21:42]} 23. Rc2 {[%clk 0:58:44]} Bd3
{[%clk 0:17:13]} 24. Rc6 {[%clk 0:57:49]} Be2 {[%clk 0:16:06]} 25. Rc2
{[%clk 0:58:06]} Bd3 {[%clk 0:13:42]} 1/2-1/2

[Event "High League 2022 women"]
[Site "Obninsk"]
[Date "2022.06.30"]
[Round "5.9"]
[White "Gritsayeva, Oksana"]
[Black "Kirchei, Viktoriia"]
[Result "1-0"]
[LiveChessVersion "1.4.7"]
[BlackElo "2159"]
[WhiteElo "2309"]

1. e4 {[%clk 1:30:57]} e5 {[%clk 1:30:52]} 2. Nf3 {[%clk 1:31:02]} Nc6
{[%clk 1:31:16]} 3. Bb5 {[%clk 1:28:06]} a6 {[%clk 1:31:37]} 4. Ba4
{[%clk 1:28:30]} Nf6 {[%clk 1:31:55]} 5. Bxc6 {[%clk 1:25:46]} dxc6
{[%clk 1:30:07]} 6. d3 {[%clk 1:26:11]} Bd6 {[%clk 1:24:36]} 7. Nbd2
{[%clk 1:25:36]} Qe7 {[%clk 1:17:26]} 8. Nc4 {[%clk 1:24:54]} b5 {[%clk 1:11:38]}
9. Na5 {[%clk 1:19:41]} Bb4+ {[%clk 1:06:15]} 10. Bd2 {[%clk 1:19:54]} Bxa5
{[%clk 1:06:06]} 11. Bxa5 {[%clk 1:20:16]} Bg4 {[%clk 1:04:46]} 12. h3
{[%clk 1:17:29]} Bxf3 {[%clk 1:02:44]} 13. Qxf3 {[%clk 1:17:46]} c5
{[%clk 0:54:08]} 14. Bd2 {[%clk 1:16:39]} h6 {[%clk 0:53:28]} 15. Qg3
{[%clk 1:15:10]} O-O-O {[%clk 0:45:11]} 16. Bc3 {[%clk 1:01:10]} Nd7
{[%clk 0:40:12]} 17. f4 {[%clk 0:53:50]} exf4 {[%clk 0:37:47]} 18. Qxf4
{[%clk 0:53:54]} f6 {[%clk 0:36:51]} 19. b3 {[%clk 0:52:08]} c4 {[%clk 0:31:32]}
20. dxc4 {[%clk 0:34:47]} bxc4 {[%clk 0:30:40]} 21. O-O-O {[%clk 0:31:19]} cxb3
{[%clk 0:28:00]} 22. axb3 {[%clk 0:29:40]} Rhe8 {[%clk 0:25:23]} 23. Rhe1
{[%clk 0:27:33]} Qc5 {[%clk 0:23:15]} 24. Kb2 {[%clk 0:26:45]} Ne5
{[%clk 0:18:36]} 25. Ra1 {[%clk 0:24:45]} Kb7 {[%clk 0:16:59]} 26. Ra5
{[%clk 0:23:54]} Qb6 {[%clk 0:17:13]} 27. Ra4 {[%clk 0:23:55]} c5
{[%clk 0:14:36]} 28. Rea1 {[%clk 0:22:14]} Ra8 {[%clk 0:14:13]} 29. Rd1
{[%clk 0:21:28]} Qc7 {[%clk 0:13:11]} 30. Qf2 {[%clk 0:20:30]} Nd7
{[%clk 0:10:37]} 31. Qf5 {[%clk 0:14:22]} Nb6 {[%clk 0:09:34]} 32. Ra5
{[%clk 0:14:27]} Rec8 {[%clk 0:08:26]} 33. e5 {[%clk 0:13:41]} c4
{[%clk 0:06:59]} 34. Qf3+ {[%clk 0:08:02]} Qc6 {[%clk 0:06:37]} 35. exf6
{[%clk 0:06:52]} cxb3 {[%clk 0:06:31]} 36. cxb3 {[%clk 0:07:08]} Qxf3
{[%clk 0:05:29]} 37. gxf3 {[%clk 0:07:34]} gxf6 {[%clk 0:05:56]} 38. Rh5
{[%clk 0:07:29]} Rc6 {[%clk 0:04:32]} 39. Rxh6 {[%clk 0:06:54]} Rac8
{[%clk 0:04:49]} 40. Rd3 {[%clk 0:36:14]} f5 {[%clk 0:32:28]} 41. Rh7+
{[%clk 0:31:57]} R8c7 {[%clk 0:32:26]} 42. Rxc7+ {[%clk 0:30:29]} Rxc7
{[%clk 0:32:41]} 43. h4 {[%clk 0:25:02]} Rh7 {[%clk 0:32:58]} 44. Bf6
{[%clk 0:25:03]} Kc6 {[%clk 0:33:00]} 45. Re3 {[%clk 0:22:56]} Kd6
{[%clk 0:31:29]} 46. Re8 {[%clk 0:22:36]} Nd7 {[%clk 0:30:09]} 47. Bg5
{[%clk 0:22:53]} Nc5 {[%clk 0:30:25]} 48. Ra8 {[%clk 0:22:26]} Rb7
{[%clk 0:28:39]} 49. Kc2 {[%clk 0:20:13]} Nxb3 {[%clk 0:28:16]} 50. Rxa6+
{[%clk 0:20:28]} Ke5 {[%clk 0:28:26]} 51. Kc3 {[%clk 0:20:10]} Kd5
{[%clk 0:26:56]} 52. Bf4 {[%clk 0:19:51]} Rh7 {[%clk 0:22:34]} 53. Kxb3
{[%clk 0:19:16]} Rxh4 {[%clk 0:22:59]} 54. Rd6+ {[%clk 0:19:19]} Kc5
{[%clk 0:23:25]} 55. Be5 {[%clk 0:19:37]} 1-0

[Event "High League 2022 women"]
[Site "Obninsk"]
[Date "2022.06.30"]
[Round "5.10"]
[White "Fominykh, Maria"]
[Black "Shukhman, Anna"]
[Result "0-1"]
[LiveChessVersion "1.4.7"]
[BlackElo "2121"]
[WhiteElo "2219"]

1. Nf3 {[%clk 1:30:57]} g6 {[%clk 1:30:52]} 2. c4 {[%clk 1:30:41]} f5
{[%clk 1:28:43]} 3. Nc3 {[%clk 1:30:33]} Nf6 {[%clk 1:29:08]} 4. d3
{[%clk 1:27:42]} d6 {[%clk 1:28:03]} 5. e4 {[%clk 1:14:28]} Bg7 {[%clk 1:22:05]}
6. exf5 {[%clk 1:12:52]} Bxf5 {[%clk 1:19:45]} 7. d4 {[%clk 1:09:45]} Qd7
{[%clk 1:15:50]} 8. Be2 {[%clk 1:08:19]} O-O {[%clk 1:14:36]} 9. O-O
{[%clk 1:03:09]} Na6 {[%clk 1:12:03]} 10. a3 {[%clk 0:57:34]} Rae8
{[%clk 1:09:12]} 11. Qb3 {[%clk 0:52:13]} e5 {[%clk 0:57:01]} 12. c5+
{[%clk 0:42:54]} Be6 {[%clk 0:50:01]} 13. Qxb7 {[%clk 0:36:53]} exd4
{[%clk 0:49:31]} 14. Qxa6 {[%clk 0:18:06]} dxc3 {[%clk 0:49:47]} 15. Bb5
{[%clk 0:13:25]} Qc8 {[%clk 0:47:29]} 16. Qxc8 {[%clk 0:13:27]} Rxc8
{[%clk 0:47:52]} 17. Nd4 {[%clk 0:10:38]} Bd5 {[%clk 0:45:51]} 18. bxc3
{[%clk 0:05:18]} Ne4 {[%clk 0:41:29]} 19. Be3 {[%clk 0:04:20]} Nxc3
{[%clk 0:40:08]} 20. Ba6 {[%clk 0:04:19]} dxc5 {[%clk 0:37:11]} 21. Nc2
{[%clk 0:04:44]} Bb3 {[%clk 0:32:19]} 22. Rac1 {[%clk 0:02:53]} c4
{[%clk 0:29:35]} 23. Bxc8 {[%clk 0:02:27]} Rxc8 {[%clk 0:29:44]} 24. Rfe1
{[%clk 0:01:40]} Na2 {[%clk 0:27:04]} 25. Ra1 {[%clk 0:01:46]} c5
{[%clk 0:20:27]} 26. Kf1 {[%clk 0:01:04]} Bxa1 {[%clk 0:19:00]} 27. Rxa1
{[%clk 0:01:06]} Nc3 {[%clk 0:19:23]} 28. Ne1 {[%clk 0:01:07]} Kf7
{[%clk 0:14:23]} 29. Nf3 {[%clk 0:01:29]} Ke6 {[%clk 0:11:55]} 30. Ng5+
{[%clk 0:01:24]} Kd6 {[%clk 0:11:53]} 31. Nxh7 {[%clk 0:00:47]} Kc6
{[%clk 0:11:48]} 32. Ng5 {[%clk 0:00:44]} Re8 {[%clk 0:10:53]} 33. Bd2
{[%clk 0:00:44]} Na2 {[%clk 0:11:07]} 34. f3 {[%clk 0:00:49]} c3 {[%clk 0:11:23]}
35. Bf4 {[%clk 0:01:03]} c2 {[%clk 0:11:49]} 36. Ne4 {[%clk 0:01:15]} Rd8
{[%clk 0:12:11]} 37. Bd2 {[%clk 0:00:54]} c1=Q+ {[%clk 0:10:57]} 38. Bxc1
{[%clk 0:01:17]} Rd1+ {[%clk 0:11:24]} 39. Ke2 {[%clk 0:01:34]} Nxc1+
{[%clk 0:11:49]} 40. Ke3 {[%clk 0:31:51]} c4 {[%clk 0:40:59]} 41. h4
{[%clk 0:27:47]} c3 {[%clk 0:36:36]} 42. Nxc3 {[%clk 0:27:59]} Rd3+
{[%clk 0:37:01]} 43. Kf4 {[%clk 0:28:23]} Rxc3 {[%clk 0:37:26]} 44. Kg5
{[%clk 0:28:37]} Ne2 {[%clk 0:36:47]} 45. g4 {[%clk 0:26:00]} Bc2
{[%clk 0:36:51]} 46. h5 {[%clk 0:25:54]} Rc5+ {[%clk 0:36:21]} 47. Kf6
{[%clk 0:24:01]} gxh5 {[%clk 0:36:43]} 48. gxh5 {[%clk 0:24:18]} Rxh5
{[%clk 0:37:08]} 49. Re1 {[%clk 0:23:25]} Rf5+ {[%clk 0:37:13]} 50. Ke7
{[%clk 0:22:39]} Nd4 {[%clk 0:37:38]} 51. a4 {[%clk 0:20:16]} Nxf3
{[%clk 0:37:19]} 52. Re6+ {[%clk 0:20:07]} Kb7 {[%clk 0:37:43]} 53. Kd6
{[%clk 0:19:53]} Bxa4 {[%clk 0:38:01]} 54. Re4 {[%clk 0:19:57]} Bb5
{[%clk 0:38:03]} 55. Re7+ {[%clk 0:16:59]} Kb6 {[%clk 0:38:27]} 56. Rg7
{[%clk 0:16:41]} a5 {[%clk 0:38:23]} 57. Rg8 {[%clk 0:15:49]} a4 {[%clk 0:38:41]}
58. Rg2 {[%clk 0:14:01]} Bc4 {[%clk 0:39:01]} 59. Rc2 {[%clk 0:11:30]} Rd5+
{[%clk 0:39:18]} 60. Ke7 {[%clk 0:11:50]} Bb3 {[%clk 0:39:41]} 61. Rc8
{[%clk 0:12:03]} Nd4 {[%clk 0:39:44]} 62. Rb8+ {[%clk 0:11:40]} Ka7
{[%clk 0:40:08]} 0-1

[Event "High League 2022 women"]
[Site "Obninsk"]
[Date "2022.06.30"]
[Round "5.11"]
[White "Miroshnik, Ekaterina"]
[Black "Potapova, Margarita"]
[Result "1/2-1/2"]
[LiveChessVersion "1.4.7"]
[BlackElo "2216"]
[WhiteElo "2169"]

1. d4 {[%clk 1:30:58]} Nf6 {[%clk 1:30:54]} 2. c4 {[%clk 1:31:22]} e6
{[%clk 1:31:15]} 3. Nf3 {[%clk 1:31:47]} d5 {[%clk 1:31:38]} 4. g3
{[%clk 1:27:12]} dxc4 {[%clk 1:31:54]} 5. Bg2 {[%clk 1:27:39]} Nbd7
{[%clk 1:32:13]} 6. Qa4 {[%clk 1:16:00]} a6 {[%clk 1:32:27]} 7. Qxc4
{[%clk 1:16:25]} b5 {[%clk 1:32:49]} 8. Qd3 {[%clk 1:13:28]} Bb7 {[%clk 1:33:05]}
9. O-O {[%clk 1:13:51]} c5 {[%clk 1:30:03]} 10. Bg5 {[%clk 0:53:10]} h6
{[%clk 1:16:04]} 11. Bxf6 {[%clk 0:51:09]} Nxf6 {[%clk 1:15:34]} 12. a4
{[%clk 0:49:43]} c4 {[%clk 1:13:11]} 13. Qc2 {[%clk 0:48:06]} Rc8
{[%clk 1:04:27]} 14. axb5 {[%clk 0:44:16]} axb5 {[%clk 1:02:28]} 15. Nbd2
{[%clk 0:39:22]} Bb4 {[%clk 0:57:30]} 16. e3 {[%clk 0:36:22]} O-O
{[%clk 0:57:01]} 17. Rac1 {[%clk 0:26:15]} Ba5 {[%clk 0:40:33]} 18. Qb1
{[%clk 0:17:16]} Bxd2 {[%clk 0:27:44]} 19. Nxd2 {[%clk 0:16:44]} Bxg2
{[%clk 0:28:07]} 20. Kxg2 {[%clk 0:17:09]} Qd5+ {[%clk 0:28:10]} 21. Kg1
{[%clk 0:15:16]} Rfd8 {[%clk 0:21:35]} 22. Rfd1 {[%clk 0:14:18]} Qh5
{[%clk 0:21:30]} 23. Nf1 {[%clk 0:05:52]} Nd5 {[%clk 0:19:30]} 24. b3
{[%clk 0:02:51]} c3 {[%clk 0:17:49]} 25. e4 {[%clk 0:00:59]} c2 {[%clk 0:15:11]}
26. Rxc2 {[%clk 0:01:24]} Nc3 {[%clk 0:15:34]} 27. Rxc3 {[%clk 0:01:51]} Rxc3
{[%clk 0:16:00]} 28. Ne3 {[%clk 0:02:18]} Rcc8 {[%clk 0:10:16]} 29. d5
{[%clk 0:02:31]} Qe5 {[%clk 0:09:32]} 30. Qd3 {[%clk 0:02:22]} Rc3
{[%clk 0:08:42]} 31. Qxb5 {[%clk 0:01:11]} Qxe4 {[%clk 0:08:50]} 32. d6
{[%clk 0:00:59]} Rcc8 {[%clk 0:07:11]} 33. Nc4 {[%clk 0:01:03]} Rb8
{[%clk 0:06:58]} 34. Qa4 {[%clk 0:00:53]} Qc2 {[%clk 0:07:02]} 35. Ne3
{[%clk 0:00:46]} Qxb3 {[%clk 0:07:21]} 36. Qf4 {[%clk 0:01:02]} Rd7
{[%clk 0:07:06]} 37. Rd4 {[%clk 0:01:13]} Ra8 {[%clk 0:04:55]} 38. Ng4
{[%clk 0:00:54]} Qb1+ {[%clk 0:03:00]} 39. Kg2 {[%clk 0:01:19]} Qb7+
{[%clk 0:01:41]} 40. Kh3 {[%clk 0:31:14]} Rad8 {[%clk 0:30:39]} 41. Nf6+
{[%clk 0:22:57]} Kh8 {[%clk 0:27:15]} 42. Nxd7 {[%clk 0:19:41]} Qxd7
{[%clk 0:27:20]} 43. Kg2 {[%clk 0:19:41]} Kg8 {[%clk 0:25:04]} 1/2-1/2

[Event "High League 2022 women"]
[Site "Obninsk"]
[Date "2022.06.30"]
[Round "5.12"]
[White "Pogorelskikh, Sofia"]
[Black "Kleymenova, Valeria"]
[Result "1/2-1/2"]
[LiveChessVersion "1.4.7"]
[BlackElo "2177"]
[WhiteElo "2138"]

1. e4 {[%clk 1:30:57]} c5 {[%clk 1:30:54]} 2. Nf3 {[%clk 1:31:21]} d6
{[%clk 1:31:18]} 3. d4 {[%clk 1:31:45]} cxd4 {[%clk 1:31:41]} 4. Nxd4
{[%clk 1:32:06]} Nf6 {[%clk 1:32:04]} 5. Nc3 {[%clk 1:32:30]} a6 {[%clk 1:32:28]}
6. Be2 {[%clk 1:32:44]} e6 {[%clk 1:32:51]} 7. g4 {[%clk 1:32:38]} Qc7
{[%clk 1:31:42]} 8. g5 {[%clk 1:31:22]} Nfd7 {[%clk 1:31:53]} 9. f4
{[%clk 1:30:22]} b5 {[%clk 1:30:00]} 10. a3 {[%clk 1:26:49]} Bb7 {[%clk 1:29:21]}
11. Be3 {[%clk 1:24:48]} Nc5 {[%clk 1:24:04]} 12. Bf3 {[%clk 1:23:50]} Nbd7
{[%clk 1:20:38]} 13. f5 {[%clk 1:00:40]} Ne5 {[%clk 1:16:57]} 14. fxe6
{[%clk 0:58:53]} fxe6 {[%clk 1:16:19]} 15. Bg2 {[%clk 0:52:53]} Be7
{[%clk 1:01:26]} 16. O-O {[%clk 0:47:58]} Nc4 {[%clk 0:58:05]} 17. Bc1
{[%clk 0:45:41]} e5 {[%clk 0:56:31]} 18. Nf5 {[%clk 0:40:23]} O-O
{[%clk 0:54:49]} 19. Nd5 {[%clk 0:39:22]} Bxd5 {[%clk 0:55:08]} 20. Qxd5+
{[%clk 0:39:28]} Kh8 {[%clk 0:55:14]} 21. b3 {[%clk 0:33:05]} Nb6
{[%clk 0:54:59]} 22. Qd1 {[%clk 0:33:01]} g6 {[%clk 0:48:38]} 23. Nxe7
{[%clk 0:30:25]} Rxf1+ {[%clk 0:47:36]} 24. Qxf1 {[%clk 0:30:30]} Qxe7
{[%clk 0:47:59]} 25. Be3 {[%clk 0:29:52]} Rf8 {[%clk 0:40:34]} 26. Qe2
{[%clk 0:29:24]} Nbd7 {[%clk 0:33:45]} 27. Qg4 {[%clk 0:26:46]} Nb8
{[%clk 0:31:34]} 28. Rd1 {[%clk 0:23:25]} Ne6 {[%clk 0:31:15]} 29. Rf1
{[%clk 0:17:20]} Rxf1+ {[%clk 0:27:15]} 30. Bxf1 {[%clk 0:17:44]} Nc6
{[%clk 0:25:39]} 31. Bh3 {[%clk 0:15:11]} Nf4 {[%clk 0:24:29]} 32. Bxf4
{[%clk 0:13:02]} exf4 {[%clk 0:24:52]} 33. Qxf4 {[%clk 0:13:06]} Nd4
{[%clk 0:23:30]} 34. Qf6+ {[%clk 0:02:06]} Qxf6 {[%clk 0:23:54]} 35. gxf6
{[%clk 0:02:33]} Kg8 {[%clk 0:23:01]} 36. c3 {[%clk 0:02:15]} Nf3+
{[%clk 0:21:30]} 37. Kf2 {[%clk 0:01:35]} Ng5 {[%clk 0:21:52]} 38. Bc8
{[%clk 0:00:53]} Nxe4+ {[%clk 0:15:45]} 39. Ke3 {[%clk 0:01:04]} Nxc3
{[%clk 0:14:35]} 40. Bxa6 {[%clk 0:30:43]} Nd5+ {[%clk 0:39:49]} 41. Kd4
{[%clk 0:30:37]} Nc7 {[%clk 0:40:05]} 42. Bb7 {[%clk 0:29:50]} Kf7
{[%clk 0:40:16]} 43. a4 {[%clk 0:27:33]} bxa4 {[%clk 0:40:41]} 44. bxa4
{[%clk 0:27:59]} Kxf6 {[%clk 0:40:55]} 45. a5 {[%clk 0:27:58]} h5
{[%clk 0:40:10]} 46. h4 {[%clk 0:25:05]} g5 {[%clk 0:40:14]} 47. hxg5+
{[%clk 0:25:21]} Kxg5 {[%clk 0:40:38]} 1/2-1/2